[Event "Oberbayern Bezirksliga 1617"]
[Site "Germany"]
[Date "2017.03.19"]
[Round "7.7"]
[White "Menrad, Andreas"]
[Black "Schwenck, Mathias"]
[Result "1/2-1/2"]
[WhiteElo "1839"]
[BlackElo "1922"]
[PlyCount "75"]
[EventDate "2016.10.16"]
[EventType "team-tourn"]
[EventRounds "9"]
[EventCountry "GER"]
[SourceTitle "EXT 2019"]
[Source "ChessBase"]
[SourceDate "2018.10.10"]
[SourceVersion "1"]
[SourceVersionDate "2018.10.10"]
[SourceQuality "1"]
[WhiteTeam "Ingolstadt"]
[BlackTeam "Moosburg SC"]
[WhiteTeamCountry "GER"]
[BlackTeamCountry "GER"]

1. e4 d5 2. exd5 Qxd5 3. Nc3 Qa5 4. d4 Nf6 5. Bd2 c6 6. Bc4 Bf5 7. Nf3 e6 8. Qe2 Bb4 9. 0-0 0-0 10. a3 Bxc3 11. Bxc3 Qc7 12. Bd2 Nbd7 13. Ne5 Nxe5 14. dxe5 Nd5 15. Bb3 h6 16. c4 Ne7 17. Bb4 c5 18. Bc3 Rfd8 19. Rad1 Rxd1 20. Rxd1 Rd8 21. Ba4 Nc6 22. Rxd8+ Qxd8 23. Bxc6 bxc6 24. Qd2 Qxd2 25. Bxd2 Bd3 26. Be3 Bxc4 27. Bxc5 a5 28. f4 f6 29. Bd6 Kf7 30. Kf2 fxe5 31. Bxe5 g6 32. Ke3 Ke7 33. Ke4 Bb3 34. g4 h5 35. h3 hxg4 36. hxg4 a4 37. Bb8 Bd1 38. g5 1/2-1/2

[Event "Forchheim op-B 13th"]
[Site "Forchheim"]
[Date "2014.10.04"]
[Round "3"]
[White "Diller, Andreas"]
[Black "Menrad, Andreas"]
[Result "1/2-1/2"]
[WhiteElo "1572"]
[BlackElo "1974"]
[PlyCount "31"]
[EventDate "2014.10.03"]
[EventType "swiss"]
[EventRounds "5"]
[EventCountry "GER"]
[SourceTitle "EXT 2019"]
[Source "ChessBase"]
[SourceDate "2018.10.10"]
[SourceVersion "1"]
[SourceVersionDate "2018.10.10"]
[SourceQuality "1"]

1. e4 c6 2. f4 d5 3. e5 Bf5 4. Nf3 e6 5. d4 Nd7 6. Bd3 Bxd3 7. Qxd3 Qb6 8. 0-0 c5 9. c3 Ne7 10. b4 cxb4 11. cxb4 Qxb4 12. Na3 Qa5 13. Rb1 Rb8 14. Bd2 Qd8 15. Nb5 Nc6 16. f5 1/2-1/2

[Event "Forchheim op-B 13th"]
[Site "Forchheim"]
[Date "2014.10.04"]
[Round "4"]
[White "Menrad, Andreas"]
[Black "Grossner, Josef"]
[Result "1-0"]
[WhiteElo "1974"]
[BlackElo "1607"]
[PlyCount "59"]
[EventDate "2014.10.03"]
[EventType "swiss"]
[EventRounds "5"]
[EventCountry "GER"]
[SourceTitle "EXT 2019"]
[Source "ChessBase"]
[SourceDate "2018.10.10"]
[SourceVersion "1"]
[SourceVersionDate "2018.10.10"]
[SourceQuality "1"]

1. e4 e6 2. d4 d5 3. Nd2 dxe4 4. Nxe4 Nd7 5. Nf3 Ngf6 6. Bd3 Nxe4 7. Bxe4 Nf6 8. Bd3 Be7 9. c3 0-0 10. Qe2 b6 11. Bg5 g6 12. Ne5 Bb7 13. f4 a6 14. Rg1 Kg7 15. g4 Nd5 16. Bxe7 Qxe7 17. Qf2 f6 18. Nc4 Rac8 19. 0-0-0 c5 20. dxc5 Rxc5 21. f5 g5 22. fxe6 b5 23. Na5 Bc8 24. Nb3 Rc7 25. Qf5 Kg8 26. Qxd5 Bxe6 27. Qe4 Qf7 28. Kb1 Bxb3 29. axb3 Qxb3 30. Rge1 1-0

[Event "Forchheim op-B 11th"]
[Site "Forchheim"]
[Date "2012.09.28"]
[Round "1"]
[White "Nehls, Benedikt"]
[Black "Menrad, Andreas"]
[Result "1-0"]
[WhiteElo "1968"]
[BlackElo "1962"]
[PlyCount "56"]
[EventDate "2012.09.28"]
[EventType "swiss"]
[EventRounds "5"]
[EventCountry "GER"]
[SourceTitle "EXT 2019"]
[Source "ChessBase"]
[SourceDate "2018.10.10"]
[SourceVersion "1"]
[SourceVersionDate "2018.10.10"]
[SourceQuality "1"]

1. Nf3 d5 2. c4 c6 3. d4 Nf6 4. e3 Bf5 5. Nc3 e6 6. Be2 Nbd7 7. 0-0 Bd6 8. h3 0-0 9. Nh4 Re8 10. Nxf5 exf5 11. Qb3 Qb6 12. Qc2 dxc4 13. Qxf5 c5 14. dxc5 Nxc5 15. Bxc4 Qb4 16. Be2 Re5 17. Qc2 Qh4 18. Nb5 Rg5 19. Kh1 Nce4 20. Bd3 Rc5 21. Qd1 Bg3 22. fxg3 Nxg3+ 23. Kg1 Rd8 24. Rf4 Qg5 25. Nd4 Qe5 26. Qf3 Ngh5 27. Rf5 Qc7 28. Rxc5 Qxc5 1-0

[Event "Kiel op 25th"]
[Site "Kiel"]
[Date "2012.07.30"]
[Round "5"]
[White "Menrad, Andreas"]
[Black "Bernwald, Sascha"]
[Result "1-0"]
[WhiteElo "1845"]
[BlackElo "1618"]
[PlyCount "45"]
[EventDate "2012.07.28"]
[EventType "swiss"]
[EventRounds "9"]
[EventCountry "GER"]
[SourceTitle "EXT 2015"]
[Source "ChessBase"]
[SourceDate "2014.11.20"]
[SourceVersion "1"]
[SourceVersionDate "2014.11.20"]
[SourceQuality "1"]

1. e4 c5 2. Nc3 d6 3. f4 g6 4. Nf3 Bg7 5. Bb5+ Bd7 6. Bxd7+ Qxd7 7. 0-0 Nf6 8. d3 0-0 9. Qe1 Nc6 10. h3 a6 11. Qh4 Rac8 12. f5 h5 13. Qg3 e5 14. fxg6 fxg6 15. Qxg6 Qf7 16. Qg3 Kh8 17. Nh4 Kh7 18. Bg5 Qg8 19. Nf5 Ne8 20. Qh4 Kg6 21. Nd5 Bf6 22. Bxf6 Nxf6 23. Nfe7+ 1-0

[Event "Kiel op 25th"]
[Site "Kiel"]
[Date "2012.07.29"]
[Round "4"]
[White "Indinger, Alexander"]
[Black "Menrad, Andreas"]
[Result "1-0"]
[WhiteElo "1800"]
[BlackElo "1845"]
[PlyCount "49"]
[EventDate "2012.07.28"]
[EventType "swiss"]
[EventRounds "9"]
[EventCountry "GER"]
[SourceTitle "EXT 2015"]
[Source "ChessBase"]
[SourceDate "2014.11.20"]
[SourceVersion "1"]
[SourceVersionDate "2014.11.20"]
[SourceQuality "1"]

1. e4 c6 2. d4 d5 3. Nc3 dxe4 4. Nxe4 Bf5 5. Ng3 Bg6 6. Bc4 e6 7. N1e2 Bd6 8. Bf4 Nf6 9. Qd2 Qc7 10. Bxd6 Qxd6 11. 0-0-0 b5 12. Bd3 a5 13. f4 b4 14. f5 exf5 15. Nxf5 Qd5 16. Qe3+ Kf8 17. Nf4 Qd7 18. Rhe1 Na6 19. Qe5 Qc7 20. Bxa6 Qxe5 21. Rxe5 Nd5 22. Bb7 Rb8 23. Nxg6+ hxg6 24. Nd6 Ne7 25. Rf1 1-0

[Event "Kiel op 25th"]
[Site "Kiel"]
[Date "2012.07.28"]
[Round "2"]
[White "Jochens, Arne"]
[Black "Menrad, Andreas"]
[Result "1-0"]
[WhiteElo "2296"]
[BlackElo "1845"]
[PlyCount "191"]
[EventDate "2012.07.28"]
[EventType "swiss"]
[EventRounds "9"]
[EventCountry "GER"]
[SourceTitle "EXT 2015"]
[Source "ChessBase"]
[SourceDate "2014.11.20"]
[SourceVersion "1"]
[SourceVersionDate "2014.11.20"]
[SourceQuality "1"]

1. c4 Nf6 2. Nc3 g6 3. g3 Bg7 4. Bg2 c5 5. Nf3 Nc6 6. d4 cxd4 7. Nxd4 0-0 8. 0-0 Qb6 9. Nc2 d6 10. h3 Bd7 11. b3 a5 12. Be3 Qd8 13. Rc1 Rb8 14. Qd2 Re8 15. Rfd1 b6 16. Bh6 Bh8 17. Bg5 Qc8 18. Kh2 Nd8 19. Nd5 Nxd5 20. cxd5 Bb2 21. Rb1 Qc3 22. Nd4 Qxd2 23. Rxd2 Ba3 24. Nc2 Bc5 25. Kg1 f6 26. Bf4 b5 27. h4 b4 28. Ne1 Nf7 29. Rc2 Rec8 30. Rbc1 Ne5 31. Bxe5 fxe5 32. Be4 Bb6 33. Nf3 Rxc2 34. Rxc2 Rc8 35. Rxc8+ Bxc8 36. Ng5 h6 37. Nf3 Kf7 38. Kf1 Kf6 39. Nd2 Bb7 40. e3 g5 41. hxg5+ hxg5 42. Bf3 Ba6+ 43. Be2 Bb7 44. Bc4 Bc8 45. Ke2 Bf5 46. Bd3 e6 47. Bxf5 exf5 48. e4 g4 49. Nc4 Bc7 50. Ne3 fxe4 51. Nxg4+ Kg5 52. Ne3 Bb6 53. Nc4 Bc7 54. Kd2 Kg4 55. Ke3 Kf5 56. g4+ Kg5 57. Kxe4 Kxg4 58. Ne3+ Kg5 59. Nf5 Kf6 60. f4 exf4 61. Kxf4 Bb6 62. Ke4 Bc5 63. Nh4 Bf2 64. Nf3 Bb6 65. Kf4 Bf2 66. Nd2 Bb6 67. Ne4+ Ke7 68. Kf5 Bd4 69. Kg6 Be5 70. Nd2 Bd4 71. Nc4 Kd7 72. Kf7 Kc7 73. Ke6 Bc5 74. Nxa5 Kb6 75. Nc4+ Kc7 76. Nd2 Bd4 77. Ke7 Be3 78. Nc4 Bg5+ 79. Ke6 Bf4 80. Nb2 Be5 81. Nd3 Bc3 82. Nf4 Be5 83. Ng6 Bg3 84. Ne7 Bh2 85. Kf5 Bg1 86. Ke4 Kd7 87. Nf5 Kc7 88. Kd3 Bc5 89. Kc4 Kb6 90. Ng3 Kc7 91. Kb5 Kb7 92. Ne4 Be3 93. Nxd6+ Ka7 94. Kc6 Ka6 95. Nc4 Bg5 96. d6 1-0